Welcome to CU Library Online Public Access Catalogue (OPAC)

LET'S ARISE AND BUILD; (Record no. 7544)

MARC details
000 -LEADER
fixed length control field 00380nam a22001337a 4500
005 - DATE AND TIME OF LATEST TRANSACTION
control field 20250913120631.0
008 - FIXED-LENGTH DATA ELEMENTS--GENERAL INFORMATION
fixed length control field 250913b |||||||| |||| 00| 0 eng d
050 ## - LIBRARY OF CONGRESS CALL NUMBER
Classification number BS1199
Item number .L4 GHA
100 ## - MAIN ENTRY--PERSONAL NAME
Personal name GHARTEY JOHN B.
245 ## - TITLE STATEMENT
Title LET'S ARISE AND BUILD;
Remainder of title NEHEAH'S BLUEPRINT'S FOR NATION BUILDING
260 ## - PUBLICATION, DISTRIBUTION, ETC.
Place of publication, distribution, etc. ACCRA
Name of publisher, distributor, etc. LIVING WORD FOUNDATION
300 ## - PHYSICAL DESCRIPTION
Extent xiii, 103p
942 ## - ADDED ENTRY ELEMENTS (KOHA)
Source of classification or shelving scheme Library of Congress Classification
Koha item type Books
Suppress in OPAC No
999 ## -
-- 7544
-- 7544
Holdings
Withdrawn status Lost status Source of classification or shelving scheme Damaged status Not for loan Collection Home library Current library Shelving location Date acquired Total checkouts Full call number Barcode Date last seen Copy number Price effective from Koha item type
    Library of Congress Classification     Non-fiction Undergraduate Library (Christ Temple) Undergraduate Library (Christ Temple) General stacks 09/13/2025   BS1199.L4 GMA ulct00004756 09/13/2025 1 09/13/2025 Books
© 2023-2024 Copyright: Central University Libraries. All Rights Reserved | Created by: Mahone Tech Office